[Event "SR 2. liga A 2008/2009"]
[Site "?"]
[Date "2009.03.01"]
[Round "11.4"]
[White "Goga, Frantisek"]
[Black "Padysak, Tomas"]
[Result "0-1"]
[WhiteElo "1960"]
[BlackElo "1941"]
[PlyCount "72"]
[EventDate "2008.??.??"]
[WhiteTeam "Slovakia"]
[BlackTeam "II"]
[WhiteTeamCountry "SVK"]
[BlackTeamCountry "SVK"]

1. e4 e5 2. Nf3 Nc6 3. d4 exd4 4. Bc4 Nf6 5. e5 d5 6. Bb5 Ne4 7. Nxd4 Bd7 8.
Bxc6 bxc6 9. O-O Bc5 10. f3 Ng5 11. f4 Ne4 12. Be3 Bb6 13. Nd2 Nxd2 14. Qxd2
O-O 15. Nb3 Qe7 16. Qc3 Rfe8 17. Rae1 Bxe3+ 18. Rxe3 Rab8 19. f5 Qb4 20. Qc5
Qb6 21. Kh1 Bc8 22. Qc3 Ba6 23. Rfe1 Bc4 24. Rg3 Bxb3 25. axb3 d4 26. Qd2 Qb4
27. c3 dxc3 28. bxc3 Qf8 29. h3 Rxb3 30. Re4 Kh8 31. Rf3 Rb5 32. e6 fxe6 33.
fxe6 Rb1+ 34. Re1 Rxe1+ 35. Qxe1 Qe7 36. Rf7 Qxf7 0-1

[Event "SR 2. liga A 2008/2009"]
[Site "?"]
[Date "2009.03.01"]
[Round "11.4"]
[White "Hazir, Svetozar"]
[Black "Bukovsky, Milan"]
[Result "1-0"]
[WhiteElo "2143"]
[BlackElo "2022"]
[PlyCount "91"]
[EventDate "2008.??.??"]
[WhiteTeam "Slovakia"]
[BlackTeam "II"]
[WhiteTeamCountry "SVK"]
[BlackTeamCountry "SVK"]

1. e4 e5 2. Nf3 Nc6 3. Bb5 g6 4. O-O Bg7 5. c3 a6 6. Ba4 d6 7. h3 Bd7 8. d4
Nge7 9. Be3 O-O 10. d5 Na5 11. Bxd7 Qxd7 12. Nfd2 b5 13. b4 Nb7 14. a4 f5 15.
f3 a5 16. c4 bxa4 17. b5 Nc8 18. Nc3 f4 19. Bf2 Nb6 20. Nxa4 Qd8 21. Qc2 Bf6
22. Nb3 Bh4 23. Bxh4 Qxh4 24. c5 Nxa4 25. Rxa4 Qe7 26. c6 Nc5 27. Nxc5 dxc5 28.
Rfa1 Rfb8 29. Rxa5 Rxa5 30. Rxa5 Qh4 31. Kf1 Qe7 32. Qc4 Kg7 33. Ra3 h5 34. Rc3
Ra8 35. Qxc5 Ra1+ 36. Ke2 Qh4 37. Rc1 Ra2+ 38. Rc2 Ra1 39. Qf2 Qe7 40. Qc5 Qh4
41. Qc3 Rg1 42. Kd3 Rd1+ 43. Kc4 Rd4+ 44. Kb3 Rd1 45. Qxe5+ Kh6 46. Qh8+ 1-0

[Event "SR 2. liga A 2008/2009"]
[Site "?"]
[Date "2009.03.01"]
[Round "11.4"]
[White "Peska, Juraj"]
[Black "Beles, Milan"]
[Result "1/2-1/2"]
[WhiteElo "1960"]
[BlackElo "2083"]
[PlyCount "89"]
[EventDate "2008.??.??"]
[WhiteTeam "Slovakia"]
[BlackTeam "II"]
[WhiteTeamCountry "SVK"]
[BlackTeamCountry "SVK"]

1. c4 c5 2. Nc3 Nf6 3. g3 d5 4. cxd5 Nxd5 5. Bg2 Nc7 6. d3 e5 7. Nf3 Nc6 8. O-O
Be7 9. Bd2 O-O 10. Rc1 Be6 11. a3 f6 12. Ne4 Na6 13. Qa4 Qb6 14. Qc2 Rac8 15.
Be3 Nd4 16. Bxd4 cxd4 17. Qb1 Nc7 18. Ned2 Qa6 19. Rc2 b5 20. Rfc1 Nd5 21. Rxc8
Rxc8 22. Rc2 Nb6 23. Qc1 Rxc2 24. Qxc2 Qc8 25. Ne1 b4 26. axb4 Bxb4 27. Qd1 Qd7
28. Nc2 Qa4 29. Qc1 Bxd2 30. Qxd2 Qb3 31. Nb4 Na4 32. Nc6 Nxb2 33. Nxa7 Qa2 34.
h3 Qa1+ 35. Kh2 Nxd3 36. Qxd3 Qxa7 37. Qb5 Kf7 38. Qb1 g6 39. Qe4 Qa5 40. Qb7+
Kg8 41. Qe7 Bc4 42. Qxf6 Bxe2 43. Qe6+ Kg7 44. Qe7+ Kg8 45. Qe8+ 1/2-1/2

[Event "SR 2. liga A 2008/2009"]
[Site "?"]
[Date "2009.03.01"]
[Round "11.4"]
[White "Vychodil, Michal"]
[Black "Csiba, Dominik"]
[Result "0-1"]
[WhiteElo "2081"]
[BlackElo "2169"]
[PlyCount "74"]
[EventDate "2008.??.??"]
[WhiteTeam "Slovakia"]
[BlackTeam "II"]
[WhiteTeamCountry "SVK"]
[BlackTeamCountry "SVK"]

1. e4 c5 2. Nf3 d6 3. d4 cxd4 4. Nxd4 Nf6 5. Nc3 a6 6. Bg5 e6 7. f4 Qc7 8. Qf3
b5 9. O-O-O b4 10. Nd5 exd5 11. e5 Ne4 12. Bd3 Bb7 13. Rhe1 dxe5 14. Rxe4 dxe4
15. Bxe4 Bxe4 16. Qxe4 Bc5 17. Nb5 axb5 18. Rd8+ Qxd8 19. Bxd8 Ra6 20. Qxe5+
Re6 21. Qxc5 Kxd8 22. Qxb5 Nc6 23. f5 Rd6 24. a4 Re8 25. c3 bxc3 26. bxc3 Re5
27. Qb6+ Kc8 28. c4 Re1+ 29. Kc2 Re2+ 30. Kc1 Rc2+ 31. Kb1 Rxg2 32. Kc1 Rc2+
33. Kb1 Rxh2 34. Kc1 Rc2+ 35. Kb1 Rg2 36. Kc1 Rh6 37. Qa6+ Kc7 0-1

[Event "SR 2. liga A 2008/2009"]
[Site "?"]
[Date "2009.03.01"]
[Round "11.5"]
[White "Csiba, Peter"]
[Black "Flak, Juraj"]
[Result "1-0"]
[WhiteElo "2041"]
[BlackElo "2061"]
[PlyCount "49"]
[EventDate "2008.??.??"]
[WhiteTeam "Slovakia"]
[BlackTeam "II"]
[WhiteTeamCountry "SVK"]
[BlackTeamCountry "SVK"]

1. e4 e5 2. Nf3 Nc6 3. Nc3 Nf6 4. g3 Bb4 5. d3 d5 6. exd5 Nxd5 7. Bd2 Nxc3 8.
bxc3 Ba5 9. Bg2 O-O 10. O-O Bg4 11. Re1 Re8 12. h3 Bh5 13. Rb1 Bb6 14. Re4 Qd7
15. Rh4 Bg6 16. Ng5 f6 17. Nxh7 Bxh7 18. Qh5 Qf5 19. Bd5+ Re6 20. Bxe6+ Qxe6
21. Qxh7+ Kf8 22. Qg6 Kg8 23. Re1 Ne7 24. Qe4 c6 25. d4 1-0

[Event "SR 2. liga A 2008/2009"]
[Site "?"]
[Date "2009.03.01"]
[Round "11.5"]
[White "Macka, Oto"]
[Black "Priam, Stefan"]
[Result "0-1"]
[WhiteElo "2057"]
[BlackElo "1898"]
[PlyCount "68"]
[EventDate "2008.??.??"]
[WhiteTeam "Slovakia"]
[BlackTeam "II"]
[WhiteTeamCountry "SVK"]
[BlackTeamCountry "SVK"]

1. e4 c5 2. Nf3 d6 3. d4 cxd4 4. Nxd4 Nf6 5. Nc3 a6 6. Be3 e6 7. g4 Be7 8. g5
Nfd7 9. f4 e5 10. Nf5 exf4 11. Bxf4 Ne5 12. Nd5 Bxf5 13. exf5 Bxg5 14. Bxg5
Qxg5 15. Nc7+ Kd7 16. Nxa8 Qh4+ 17. Kd2 Qf4+ 18. Kc3 Rc8+ 19. Kb3 Nc4 20. c3
Rc5 21. Nb6+ Nxb6 22. Qd4 Qxf5 23. Bd3 Qe6+ 24. Kc2 g6 25. Rhe1 Qd5 26. Qf4 f5
27. Rad1 Kc7 28. Bxf5 Qxf5+ 29. Qxf5 Rxf5 30. Re7+ N8d7 31. Rxh7 Nc4 32. Kb3 b5
33. Kb4 Nxb2 34. Rd4 Nc4 0-1

[Event "SR 2. liga A 2008/2009"]
[Site "?"]
[Date "2009.03.01"]
[Round "11.5"]
[White "Soldan, Jan"]
[Black "Matulik, Daniel"]
[Result "1/2-1/2"]
[WhiteElo "1934"]
[BlackElo "2169"]
[PlyCount "68"]
[EventDate "2008.??.??"]
[WhiteTeam "Slovakia"]
[BlackTeam "II"]
[WhiteTeamCountry "SVK"]
[BlackTeamCountry "SVK"]

1. e4 c6 2. d4 d5 3. Nc3 dxe4 4. Nxe4 Bf5 5. Ng3 Bg6 6. h4 h6 7. h5 Bh7 8. Nf3
Nd7 9. Bd3 Bxd3 10. Qxd3 Qc7 11. Be3 e6 12. O-O-O Ngf6 13. Ne5 Bd6 14. Nxd7
Qxd7 15. Ne4 Nxe4 16. Qxe4 O-O-O 17. Qd3 Qc7 18. Qb3 Bf4 19. g3 Bxe3+ 20. Qxe3
Qa5 21. Kb1 Rd5 22. g4 Rhd8 23. c4 R5d7 24. Rd3 Qg5 25. Qxg5 hxg5 26. Rhd1 c5
27. d5 exd5 28. cxd5 Kc7 29. Kc2 Re8 30. Re3 Rxe3 31. fxe3 Kd6 32. e4 Ke5 33.
Kd3 Kf4 34. Rg1 b6 1/2-1/2

[Event "SR 2. liga A 2008/2009"]
[Site "?"]
[Date "2009.03.01"]
[Round "11.5"]
[White "Sturdik, Igor"]
[Black "Deak, Gabriel"]
[Result "1-0"]
[WhiteElo "2022"]
[BlackElo "2044"]
[PlyCount "85"]
[EventDate "2008.??.??"]
[WhiteTeam "Slovakia"]
[BlackTeam "II"]
[WhiteTeamCountry "SVK"]
[BlackTeamCountry "SVK"]

1. e4 e5 2. Nf3 Nc6 3. d4 exd4 4. Bc4 Qf6 5. O-O Ne5 6. Nxe5 Qxe5 7. c3 d3 8.
Qxd3 Nf6 9. f4 Bc5+ 10. Be3 Bxe3+ 11. Qxe3 Qxe4 12. Qxe4+ Nxe4 13. Re1 f5 14.
Nd2 c6 15. Nxe4 fxe4 16. Rxe4+ Kd8 17. Bd3 d5 18. Re5 Rf8 19. g3 g6 20. Rae1
Rf7 21. Re8+ Kd7 22. Bf1 Kd6 23. Bh3 Bxh3 24. Rxa8 a6 25. Rae8 Bf5 26. R8e3 a5
27. a3 b5 28. b4 axb4 29. axb4 Ra7 30. R1e2 Ra4 31. Kg2 d4 32. Rd2 d3 33. g4
Bxg4 34. Rdxd3+ Kc7 35. Re7+ Kc8 36. Rxh7 Ra2+ 37. Kg3 Bf5 38. Rd6 Be4 39. Rf6
Rd2 40. Rh8+ Rd8 41. Rxd8+ Kxd8 42. Kg4 Ke7 43. Kg5 1-0

[Event "SR 2. liga A 2008/2009"]
[Site "?"]
[Date "2009.03.01"]
[Round "11.5"]
[White "Vach, Pavol"]
[Black "Mikulas, Dusan"]
[Result "0-1"]
[WhiteElo "2104"]
[BlackElo "2183"]
[PlyCount "44"]
[EventDate "2008.??.??"]
[WhiteTeam "Slovakia"]
[BlackTeam "II"]
[WhiteTeamCountry "SVK"]
[BlackTeamCountry "SVK"]

1. d4 d5 2. c4 e5 3. dxe5 d4 4. Nf3 Nc6 5. g3 Be6 6. Nbd2 Qd7 7. Bg2 Rd8 8. O-O
Nge7 9. b3 Ng6 10. Bb2 Be7 11. a3 Bh3 12. Qc2 h5 13. Ne4 Bxg2 14. Kxg2 h4 15.
Ng1 Ncxe5 16. f3 hxg3 17. hxg3 f5 18. Nf2 f4 19. Ng4 fxg3 20. Nxe5 Nh4+ 21.
Kxg3 Nf5+ 22. Kg2 Ne3+ 0-1

[Event "SR 2. liga A 2008/2009"]
[Site "?"]
[Date "2009.03.01"]
[Round "11.5"]
[White "Zacik, Anton"]
[Black "Kollarik, Gorazd"]
[Result "1/2-1/2"]
[WhiteElo "2048"]
[BlackElo "1941"]
[PlyCount "49"]
[EventDate "2008.??.??"]
[WhiteTeam "Slovakia"]
[BlackTeam "II"]
[WhiteTeamCountry "SVK"]
[BlackTeamCountry "SVK"]

1. e4 c5 2. Nf3 Nc6 3. Nc3 d6 4. Bc4 Nf6 5. d3 e6 6. O-O Be7 7. Bg5 O-O 8. Nd2
a6 9. a4 Qc7 10. f4 Nd4 11. Nf3 Nxf3+ 12. Rxf3 Ne8 13. Qd2 h6 14. Bxe7 Qxe7 15.
f5 Nf6 16. Raf1 exf5 17. exf5 Re8 18. Nd5 Nxd5 19. Bxd5 Qe2 20. Qc3 Qe5 21. Qc4
Qf6 22. Rg3 Kf8 23. Rgf3 Rb8 24. Qf4 Bd7 25. b3 1/2-1/2

[Event "SR 2. liga A 2008/2009"]
[Site "?"]
[Date "2009.03.01"]
[Round "11.6"]
[White "Durovka, Stefan"]
[Black "Bury, Rastislav"]
[Result "0-1"]
[WhiteElo "1878"]
[BlackElo "2088"]
[PlyCount "120"]
[EventDate "2008.??.??"]
[WhiteTeam "Slovakia"]
[BlackTeam "II"]
[WhiteTeamCountry "SVK"]
[BlackTeamCountry "SVK"]

1. Nf3 Nf6 2. Nc3 d6 3. e4 c5 4. d4 cxd4 5. Nxd4 a6 6. Be2 e5 7. Nf3 Be7 8. Bg5
Nbd7 9. O-O b5 10. a3 Bb7 11. Bxf6 Nxf6 12. Bd3 O-O 13. Re1 Rc8 14. h3 Qc7 15.
Nh2 Nd7 16. Ng4 f5 17. exf5 d5 18. f6 Bxf6 19. Bf5 Qd6 20. Ne4 Qe7 21. Nexf6+
gxf6 22. c3 Rce8 23. Nh6+ Kh8 24. Qh5 Nc5 25. Rad1 Ne6 26. Bc2 Nf4 27. Qf5 Qg7
28. Ng4 Bc8 29. Qxh7+ Qxh7 30. Bxh7 Bxg4 31. hxg4 Kxh7 32. g5 Rg8 33. g3 Rxg5
34. Kf1 Ng6 35. Ke2 Kg7 36. Rh1 e4 37. Rh3 Ne5 38. Rdh1 Kf7 39. Ra1 Nd3 40. Rb1
Rf5 41. Rh7+ Ke6 42. Rh2 Rf3 43. Kf1 Kd6 44. Ke2 Kc5 45. b3 Rc8 46. g4 Kd6 47.
c4 dxc4 48. bxc4 Rxc4 49. Rd1 Rc2+ 50. Kf1 Rfxf2+ 51. Rxf2 Rxf2+ 52. Kg1 Rf4
53. g5 Rg4+ 54. Kf1 Rxg5 55. Ke2 Rg2+ 56. Ke3 Ke5 57. Rh1 f5 58. Rh5 Nf4 59.
Rxf5+ Kxf5 60. a4 Ke5 0-1

[Event "SR 2. liga A 2008/2009"]
[Site "?"]
[Date "2009.03.01"]
[Round "11.6"]
[White "Hricak, Vasil"]
[Black "Peitl, Tomas"]
[Result "0-1"]
[WhiteElo "2046"]
[BlackElo "2033"]
[PlyCount "76"]
[EventDate "2008.??.??"]
[WhiteTeam "Slovakia"]
[BlackTeam "II"]
[WhiteTeamCountry "SVK"]
[BlackTeamCountry "SVK"]

1. e4 e6 2. d4 d5 3. exd5 exd5 4. Bd3 Nc6 5. c3 Be6 6. Nf3 Qd6 7. O-O O-O-O 8.
b4 Nf6 9. Qa4 Nd7 10. b5 Nb6 11. Qc2 Na5 12. a4 f6 13. Nbd2 g5 14. Nb3 Nxb3 15.
Qxb3 Nc4 16. Nd2 Na5 17. Qc2 Qd7 18. Nb3 Nc4 19. Nc5 Bxc5 20. dxc5 d4 21. c6
Qd6 22. cxd4 Qxd4 23. Bxc4 Qxc4 24. cxb7+ Kxb7 25. Qb2 Bd5 26. Be3 Qe4 27. f3
Qxe3+ 28. Kh1 Qe5 29. Qb4 Rhe8 30. a5 Qd6 31. Qc3 g4 32. fxg4 Re2 33. Rxf6 Rxg2
34. Rxd6 Rxd6 35. a6+ Kc8 36. Qh8+ Rd8 37. Qxd8+ Kxd8 38. Rd1 Rd2+ 0-1

[Event "SR 2. liga A 2008/2009"]
[Site "?"]
[Date "2009.03.01"]
[Round "11.6"]
[White "Krajnak, Robert"]
[Black "Krist, Milan"]
[Result "1-0"]
[WhiteElo "2079"]
[BlackElo "2046"]
[PlyCount "97"]
[EventDate "2008.??.??"]
[WhiteTeam "Slovakia"]
[BlackTeam "II"]
[WhiteTeamCountry "SVK"]
[BlackTeamCountry "SVK"]

1. c4 c5 2. Nf3 Nf6 3. d4 cxd4 4. Nxd4 a6 5. Nc3 e6 6. g3 Bc5 7. Nb3 Bb4 8. a3
Bxc3+ 9. bxc3 d5 10. cxd5 Qxd5 11. Qxd5 exd5 12. Bg2 Nc6 13. Bf4 O-O 14. Rd1
Be6 15. Nc5 Na5 16. O-O Rfc8 17. Nxe6 fxe6 18. a4 Rc4 19. Rd4 Rac8 20. Rb1 Rxc3
21. Bh3 R8c6 22. Rdb4 R3c4 23. Rb6 Ne4 24. Bxe6+ Kf8 25. Bxd5 Rxb6 26. Rxb6
Rxa4 27. Re6 Nc3 28. Bd6+ Kf7 29. Re7+ Kg6 30. Re6+ Kf7 31. Re4+ Kg6 32. Rxa4
Nxa4 33. Be4+ Kf7 34. Kf1 Nc6 35. Ke1 Nc3 36. Bd3 Ke6 37. Ba3 b5 38. Bb2 Nd5
39. Bxg7 Ne5 40. Bxh7 b4 41. Bg8+ Kd6 42. Bxd5 Kxd5 43. Bxe5 Kxe5 44. Kd2 Kd4
45. Kc2 Kc4 46. h4 a5 47. h5 a4 48. h6 a3 49. h7 1-0

[Event "SR 2. liga A 2008/2009"]
[Site "?"]
[Date "2009.03.01"]
[Round "11.6"]
[White "Mihalik, Marek"]
[Black "Horvath, Marek"]
[Result "0-1"]
[WhiteElo "2098"]
[BlackElo "1839"]
[PlyCount "120"]
[EventDate "2008.??.??"]
[WhiteTeam "Slovakia"]
[BlackTeam "II"]
[WhiteTeamCountry "SVK"]
[BlackTeamCountry "SVK"]

1. d4 Nf6 2. c4 e6 3. Nf3 d5 4. Nc3 Be7 5. Bg5 O-O 6. e3 b6 7. cxd5 exd5 8. Bd3
Bb7 9. O-O Nbd7 10. Rc1 Rc8 11. Qe2 c6 12. Bf5 Ra8 13. Rfd1 Re8 14. h3 Nf8 15.
Ne5 Ne6 16. Bxf6 Bxf6 17. Bxh7+ Kf8 18. Bb1 Bxe5 19. dxe5 Qe7 20. Qh5 Qg5 21.
Qxg5 Nxg5 22. f4 Ne6 23. Ne2 Red8 24. Bf5 Ke7 25. Bg4 a5 26. Bxe6 fxe6 27. Rc3
Rdc8 28. Rdc1 a4 29. Nd4 Kd7 30. a3 Ra5 31. g4 c5 32. Nf3 Rb5 33. R1c2 Rb3 34.
Rxb3 axb3 35. Rc3 c4 36. Ng5 b5 37. h4 Ra8 38. Rc1 Rxa3 39. Kf1 Ra2 40. Rb1 b4
41. Ke1 c3 42. bxc3 bxc3 43. Rxb3 Ra1+ 44. Kf2 c2 45. Rxb7+ Kc6 46. Rb8 Kc7 47.
Rb5 Kc6 48. Nxe6 Kxb5 49. Nd4+ Kc5 50. Nxc2 Ra2 51. e6 Rxc2+ 52. Kf3 Kd6 53. f5
Ke7 54. Kf4 Rc4+ 55. Ke5 Rxg4 56. Kxd5 Rxh4 57. Ke5 Ra4 58. e4 Ra5+ 59. Kf4 Kf6
60. Kg4 g6 0-1

[Event "SR 2. liga A 2008/2009"]
[Site "?"]
[Date "2009.03.01"]
[Round "11.6"]
[White "Milanov, Jasen"]
[Black "Pericka, Tomas"]
[Result "1-0"]
[WhiteElo "1952"]
[BlackElo "1905"]
[PlyCount "69"]
[EventDate "2008.??.??"]
[WhiteTeam "Slovakia"]
[BlackTeam "II"]
[WhiteTeamCountry "SVK"]
[BlackTeamCountry "SVK"]

1. c4 c5 2. Nc3 Nc6 3. g3 g6 4. Bg2 Bg7 5. e4 d6 6. Nge2 Nf6 7. O-O O-O 8. d3
Bd7 9. h3 a6 10. Be3 Rb8 11. a4 Qc8 12. Kh2 Ne5 13. Qd2 Bc6 14. f4 Ned7 15.
Rab1 e5 16. f5 b5 17. axb5 axb5 18. cxb5 Bxb5 19. Nxb5 Rxb5 20. Nc3 Rb3 21. g4
Rd8 22. Bh6 Qb7 23. Bxg7 Kxg7 24. Rf2 Rb8 25. Bf3 Qb4 26. g5 Rxc3 27. gxf6+
Nxf6 28. fxg6 fxg6 29. Rbf1 Rb3 30. Qg5 Rxb2 31. Be2 Ng8 32. Rf7+ Kh8 33. R1f2
Qe1 34. Qh4 h6 35. Rh7+ 1-0

[Event "SR 2. liga A 2008/2009"]
[Site "?"]
[Date "2009.03.01"]
[Round "11.6"]
[White "Slamena, Michal"]
[Black "Srna, Jan"]
[Result "0-1"]
[WhiteElo "1944"]
[BlackElo "2042"]
[PlyCount "60"]
[EventDate "2008.??.??"]
[WhiteTeam "Slovakia"]
[BlackTeam "II"]
[WhiteTeamCountry "SVK"]
[BlackTeamCountry "SVK"]

1. e4 e6 2. d4 d5 3. Nd2 a6 4. Bd3 c5 5. c3 Nc6 6. Ne2 h6 7. O-O Qb6 8. exd5
exd5 9. Nf4 Nf6 10. Qf3 c4 11. Nxd5 Nxd5 12. Qxd5 cxd3 13. Re1+ Be6 14. Nc4 Qc7
15. Rxe6+ fxe6 16. Qxe6+ Be7 17. d5 Nd8 18. Qg6+ Nf7 19. d6 Bxd6 20. Ne3 Qe7
21. Bd2 O-O 22. Nf5 Qf6 23. Qg4 Kh7 24. Nh4 Ng5 25. Rf1 Rae8 26. Qc4 Ne4 27.
Nf3 Nxd2 28. Nxd2 Qg6 29. g3 Re2 30. Nb3 Qe4 0-1

[Event "SR 2. liga A 2008/2009"]
[Site "?"]
[Date "2009.03.01"]
[Round "11.7"]
[White "Cajka, Tibor"]
[Black "Klimes, Milan"]
[Result "1/2-1/2"]
[WhiteElo "1907"]
[BlackElo "1958"]
[PlyCount "143"]
[EventDate "2008.??.??"]
[WhiteTeam "Slovakia"]
[BlackTeam "II"]
[WhiteTeamCountry "SVK"]
[BlackTeamCountry "SVK"]

1. e4 c5 2. Nf3 d6 3. d4 cxd4 4. Nxd4 Nf6 5. Nc3 a6 6. Bg5 e6 7. Qd2 Be7 8. f3
O-O 9. O-O-O Nc6 10. h4 Nxd4 11. Qxd4 Qa5 12. Kb1 h6 13. Be3 b5 14. g4 b4 15.
Ne2 e5 16. Qd2 Be6 17. Nc1 h5 18. gxh5 Nxh5 19. Bh3 Bxh3 20. Rxh3 Qb5 21. Rg1
Rfd8 22. Bg5 f6 23. Bh6 Bf8 24. Qg2 Ra7 25. Qg4 Qe8 26. Be3 Rb7 27. Qf5 d5 28.
exd5 Rxd5 29. Rhh1 Rbd7 30. Nd3 Qf7 31. Bc1 a5 32. Nf2 Bc5 33. Rh2 a4 34. Rhg2
Bxf2 35. Rxf2 Rd1 36. Rxd1 Rxd1 37. Rd2 Rxd2 38. Bxd2 b3 39. cxb3 axb3 40. a4
Qc4 41. Qe4 Qf1+ 42. Bc1 Ng3 43. Qd5+ Kh8 44. Qxb3 Ne2 45. Qc4 Qxf3 46. a5 Nd4
47. a6 Qe4+ 48. Ka2 Qe1 49. Qa4 Qe4 50. a7 Qd5+ 51. b3 Qa8 52. h5 Nc6 53. Be3
f5 54. b4 Nd4 55. Bxd4 exd4 56. Qd7 d3 57. Kb3 d2 58. Kc2 Qe4+ 59. Kxd2 Qxb4+
60. Kd3 Qb3+ 61. Ke2 Qc4+ 62. Ke3 Qe4+ 63. Kd2 Qb4+ 64. Kc2 Qe4+ 65. Kb2 Kh7
66. Ka3 f4 67. Qa4 Qe3+ 68. Kb4 Qe7+ 69. Kc3 Qc5+ 70. Kb2 Qb6+ 71. Kc3 Qc5+ 72.
Kb2 1/2-1/2

[Event "SR 2. liga A 2008/2009"]
[Site "?"]
[Date "2009.03.01"]
[Round "11.7"]
[White "Chovanec, Vladimir"]
[Black "Halasz, Michal"]
[Result "1-0"]
[WhiteElo "2083"]
[BlackElo "1837"]
[PlyCount "45"]
[EventDate "2008.??.??"]
[WhiteTeam "Slovakia"]
[BlackTeam "II"]
[WhiteTeamCountry "SVK"]
[BlackTeamCountry "SVK"]

1. e4 d6 2. d4 Nf6 3. Nc3 g6 4. Be3 c6 5. h3 Bg7 6. Qd2 Qa5 7. Nf3 Nbd7 8. Bd3
b5 9. b3 Ba6 10. O-O Rb8 11. Rfe1 O-O 12. e5 Ne8 13. Bf4 dxe5 14. dxe5 e6 15.
Bxg6 hxg6 16. Qxd7 Bb7 17. Bg5 Nc7 18. b4 Qb6 19. Be3 Rfd8 20. Qxd8+ Rxd8 21.
Bxb6 axb6 22. Red1 Nd5 23. Ne4 1-0

[Event "SR 2. liga A 2008/2009"]
[Site "?"]
[Date "2009.03.01"]
[Round "11.7"]
[White "Hajtmanek, Stanislav"]
[Black "Racik, Marek"]
[Result "0-1"]
[WhiteElo "1782"]
[BlackElo "1932"]
[PlyCount "76"]
[EventDate "2008.??.??"]
[WhiteTeam "Slovakia"]
[BlackTeam "II"]
[WhiteTeamCountry "SVK"]
[BlackTeamCountry "SVK"]

1. d4 Nf6 2. c4 e6 3. Nc3 b6 4. e4 d6 5. Bg5 Be7 6. Bd3 O-O 7. f4 Bb7 8. Nf3 h6
9. Bh4 Nxe4 10. Bxe4 Bxh4+ 11. Nxh4 Bxe4 12. Nxe4 Qxh4+ 13. g3 Qe7 14. Qf3 Nd7
15. O-O-O Nf6 16. Rhe1 Nxe4 17. Qxe4 Qd7 18. h4 b5 19. d5 exd5 20. cxd5 Rfe8
21. Qf3 Rxe1 22. Rxe1 c5 23. Qe4 a5 24. Re3 Rc8 25. Qe7 Rc7 26. Qe8+ Kh7 27.
Qe4+ g6 28. h5 Qg4 29. hxg6+ Qxg6 30. f5 Qf6 31. g4 Qd4 32. Qf3 Qf6 33. Qe4 b4
34. Qg2 c4 35. Rh3 Qg5+ 36. Kc2 f6 37. Rh5 Qf4 38. Rh3 a4 0-1

[Event "SR 2. liga A 2008/2009"]
[Site "?"]
[Date "2009.03.01"]
[Round "11.7"]
[White "Kolesar, Rastislav"]
[Black "Vrba, Michal"]
[Result "1-0"]
[WhiteElo "1978"]
[BlackElo "1974"]
[PlyCount "57"]
[EventDate "2008.??.??"]
[WhiteTeam "Slovakia"]
[BlackTeam "II"]
[WhiteTeamCountry "SVK"]
[BlackTeamCountry "SVK"]

1. e4 d5 2. exd5 Qxd5 3. Nc3 Qa5 4. d4 c6 5. Bd2 Qc7 6. Nf3 Nf6 7. Bc4 Bf5 8.
Ne5 e6 9. Bf4 Bd6 10. Qe2 Nbd7 11. O-O-O Nb6 12. Bb3 O-O-O 13. Bg5 h6 14. Bh4
g5 15. Bg3 Rhe8 16. Nc4 Nxc4 17. Qxc4 h5 18. Rhe1 Bg4 19. Bxd6 Rxd6 20. f3 Bf5
21. Ne4 Nxe4 22. fxe4 Bg6 23. Qc5 b6 24. Qxg5 Red8 25. g3 Qd7 26. c3 Qe8 27. e5
R6d7 28. Rf1 c5 29. Ba4 1-0

[Event "SR 2. liga A 2008/2009"]
[Site "?"]
[Date "2009.03.01"]
[Round "11.7"]
[White "Puchart, Vladimir"]
[Black "Farkas, Vladimir"]
[Result "1-0"]
[WhiteElo "2024"]
[BlackElo "2035"]
[PlyCount "57"]
[EventDate "2008.??.??"]
[WhiteTeam "Slovakia"]
[BlackTeam "II"]
[WhiteTeamCountry "SVK"]
[BlackTeamCountry "SVK"]

1. d4 Nf6 2. c4 d6 3. Nc3 g6 4. e4 Bg7 5. f3 O-O 6. Be3 e5 7. Nge2 c6 8. Qd2
Na6 9. O-O-O Be6 10. d5 cxd5 11. Nxd5 Bxd5 12. cxd5 Nd7 13. g4 f6 14. h4 Rf7
15. Kb1 Nc7 16. Ng3 a5 17. Bh3 Na6 18. g5 Ndc5 19. h5 Qe8 20. Qh2 Kf8 21. Bg4
Rc7 22. hxg6 hxg6 23. Qh7 Kf7 24. gxf6 Kxf6 25. Bg5+ Kf7 26. Nf5 Qf8 27. Rh6
Ke8 28. Qxg6+ Rf7 29. Nxd6+ 1-0

[Event "SR 2. liga A 2008/2009"]
[Site "?"]
[Date "2009.03.01"]
[Round "11.7"]
[White "Visnovsky, Marek"]
[Black "Manak, Jozef"]
[Result "1/2-1/2"]
[WhiteElo "1640"]
[BlackElo "2009"]
[PlyCount "67"]
[EventDate "2008.??.??"]
[WhiteTeam "Slovakia"]
[BlackTeam "II"]
[WhiteTeamCountry "SVK"]
[BlackTeamCountry "SVK"]

1. e4 c5 2. Nf3 a6 3. d4 cxd4 4. Nxd4 Nf6 5. Nc3 e5 6. Nb3 Bb4 7. Bd3 d5 8.
exd5 e4 9. Be2 Nxd5 10. Bd2 Bxc3 11. bxc3 O-O 12. c4 Nf6 13. O-O Nbd7 14. Be3
Qe7 15. Qd2 b6 16. Rad1 Bb7 17. Qd6 Qd8 18. c5 Rc8 19. c4 bxc5 20. Nxc5 Nxc5
21. Qxd8 Rfxd8 22. Rxd8+ Rxd8 23. Bxc5 Rd2 24. Rd1 Rxd1+ 25. Bxd1 Nd7 26. Bd4
f6 27. Kf1 Kf7 28. Be3 Ke6 29. h3 Kd6 30. Ke2 Bc6 31. Kd2 Ne5 32. Be2 Bb7 33.
Kc3 Nc6 34. Bf4+ 1/2-1/2

[Event "SR 2. liga A 2008/2009"]
[Site "?"]
[Date "2009.03.01"]
[Round "11.8"]
[White "Barca, Michal"]
[Black "Navara, Vladimir"]
[Result "0-1"]
[WhiteElo "1783"]
[BlackElo "1814"]
[PlyCount "59"]
[EventDate "2008.??.??"]
[WhiteTeam "Slovakia"]
[BlackTeam "II"]
[WhiteTeamCountry "SVK"]
[BlackTeamCountry "SVK"]

1. c4 g6 2. Nc3 Bg7 3. d4 c6 4. e4 e6 5. d5 exd5 6. exd5 cxd5 7. Nxd5 Nf6 8.
Bg5 O-O 9. Be2 Nc6 10. Qc1 Re8 11. Qf4 Nxd5 12. cxd5 Qa5+ 13. Qd2 Qxd2+ 14.
Kxd2 Nd4 15. Bc4 b5 16. Bd3 Bb7 17. Be3 Bxd5 18. f3 Bc4 19. Nh3 Bxd3 20. Kxd3
Nf5 21. Bc1 Re7 22. Rb1 Rae8 23. Bd2 Re2 24. Nf4 R2e7 25. b3 Bh6 26. Rb2 Re5
27. Bc1 Bxf4 28. Bxf4 Rd5+ 29. Kc3 Rc8+ 30. Kb4 0-1

[Event "SR 2. liga A 2008/2009"]
[Site "?"]
[Date "2009.03.01"]
[Round "11.8"]
[White "Czucz, Andrej"]
[Black "Bebiak, Jozef"]
[Result "0-1"]
[WhiteElo "2004"]
[BlackElo "2101"]
[PlyCount "38"]
[EventDate "2008.??.??"]
[WhiteTeam "Slovakia"]
[BlackTeam "II"]
[WhiteTeamCountry "SVK"]
[BlackTeamCountry "SVK"]

1. c4 Nf6 2. Nc3 e5 3. g3 Bb4 4. Bg2 O-O 5. Qc2 Nc6 6. e3 Bxc3 7. Qxc3 d5 8. d3
d4 9. Qd2 dxe3 10. fxe3 Bf5 11. Bxc6 bxc6 12. Nf3 Bxd3 13. Nxe5 Be4 14. O-O Re8
15. Qc3 Qe7 16. Nf3 Rad8 17. Nd4 Qd7 18. b3 Qh3 19. Nf3 Bxf3 0-1

[Event "SR 2. liga A 2008/2009"]
[Site "?"]
[Date "2009.03.01"]
[Round "11.8"]
[White "Gono, Michal"]
[Black "Hlubovic, Michal"]
[Result "1-0"]
[WhiteElo "1854"]
[BlackElo "1644"]
[PlyCount "109"]
[EventDate "2008.??.??"]
[WhiteTeam "Slovakia"]
[BlackTeam "II"]
[WhiteTeamCountry "SVK"]
[BlackTeamCountry "SVK"]

1. d4 d6 2. Nf3 g6 3. c4 Bg7 4. Nc3 Nf6 5. e4 O-O 6. h3 c6 7. Be3 Qc7 8. Qd2
Re8 9. Bd3 e5 10. d5 c5 11. O-O Bd7 12. Ne1 Nh5 13. Be2 Nf6 14. Nc2 a6 15. a3
Qc8 16. Kh2 h5 17. Bd3 b5 18. b3 Nh7 19. cxb5 f5 20. f3 f4 21. Bf2 a5 22. a4
Qd8 23. Na3 Bf6 24. Nc4 Bc8 25. Be1 Re7 26. Qe2 Ng5 27. Nd1 Rea7 28. Ndb2 Nf7
29. Bc3 Bh4 30. Qd2 Bg3+ 31. Kg1 Qh4 32. Nd1 Ng5 33. Nf2 Bxf2+ 34. Qxf2 Nxh3+
35. gxh3 Qxh3 36. Qh2 Rg7 37. Nxd6 Qxh2+ 38. Kxh2 Nd7 39. Nxc8 Rxc8 40. Bxa5 g5
41. Bc3 g4 42. a5 g3+ 43. Kh3 g2 44. Rg1 Rg3+ 45. Kh2 Rxf3 46. Rxg2+ Kf7 47. b6
Rxd3 48. b7 Rb8 49. a6 Rxb7 50. axb7 Rxc3 51. Ra7 Nb8 52. Ra8 Rxb3 53. Rxb8 c4
54. Rh8 f3 55. Rf2 1-0